banner-ar

احكام الجنسية ومركز الاجانب وفقا لاحكام القانون رقم 154لسنة 2004 المعدل للقانون رقم 26 لسنة 1975 بشان الجنسية المصرية / (Record no. 8614)

MARC details
000 -الفاتح
حقل البيانات ثابتة الطول 00874nam a2200217Ia 4500
008 - عناصر البيانات ثابتة الطول - معلومات عامة
حقل البيانات ثابتة الطول 140319s9999 xx 000 0 ara d
040 ## - مصدر الفهرسة
وكالة الفهرسة الأصلية GCL /
وكالة النسخ GCL
082 04 - رقم تصنيف ديوى العشرى
رقم التصنيف 341.482
رقم المادة م ا
100 1# - المدخل الرئيسى - إسم شخصى
الإسم الشخصى محمد الروبى
245 10 - بيان العنوان
العنوان احكام الجنسية ومركز الاجانب وفقا لاحكام القانون رقم 154لسنة 2004 المعدل للقانون رقم 26 لسنة 1975 بشان الجنسية المصرية /
بيان المسئوليه,etc محمد الروبى
700 1# - المدخل الاضافى - اسم شخصى
الإسم الشخصى جابر سالم عبدالغفار
300 ## - الوصف المادى
التعداد 487 ص ؛
أبعاد الوعاء 24 سم
650 04 - المدخل الاضافى بالموضوع-مصطلح موضوعى
مصطلح موضوعي الجنسية
650 04 - المدخل الاضافى بالموضوع-مصطلح موضوعى
مصطلح موضوعي السكان الاجانب
650 04 - المدخل الاضافى بالموضوع-مصطلح موضوعى
مصطلح موضوعي القانون الدولى الخاص
650 04 - المدخل الاضافى بالموضوع-مصطلح موضوعى
مصطلح موضوعي المواطنة
650 04 - المدخل الاضافى بالموضوع-مصطلح موضوعى
مصطلح موضوعي الجنسية - قوانين وتشريعات
942 ## - عناصر المدخل الإضافي( كوها)
مصدر التصنيف او مخطط الترفيف Dewey Decimal Classification
Koha [default] item type كتاب
260 ## - PUBLICATION, DISTRIBUTION, ETC. (IMPRINT)
-- القاهرة :
-- دار النهضة العربية
Holdings
حالة التراجع حالة الفقد حالة تلف ليس للاعارة المكان المؤقت الموقع الحالى تاريخ الاكتساب اجمالي اﻻعارات رقم الطلب الباركود تاريخ اخر مشاهدة تاريخ تفعيل السعر نوع وعاء كوها
        مكتبة القاهرة الكبرى مكتبة القاهرة الكبرى 03/26/2014   341.482\م ا 18031 03/26/2014 03/26/2014 كتاب
        مكتبة القاهرة الكبرى مكتبة القاهرة الكبرى 03/26/2014   341.482\م ا 18032 03/26/2014 03/26/2014 كتاب

Powered By

EGPV